000 00470nam a22001817a 4500
003 MPLRDC
005 20220104123600.0
008 210129b ||||| |||| 00| 0 eng d
020 _a7-5317-0944-9
082 _a782.886 SYR v.1
100 _a高瑞泉、康继无、于醒民
245 _a宋耀如全传: 上
_c
250 _a一版一刷
260 _a
_b北方文艺出版社
_c1997
300 _b
650 _a宋耀如传记
942 _cBK
_o782.886 SYR v.1
999 _c12565
_d12555